[Event "Oberliga Nord W 1516"]
[Site "Germany"]
[Date "2015.11.15"]
[Round "3.8"]
[White "Andre, Wolfgang"]
[Black "Tchetchelnitski, Mikhail"]
[Result "1/2-1/2"]
[WhiteElo "2203"]
[BlackElo "2132"]
[PlyCount "65"]
[EventDate "2015.09.20"]
[EventType "team-tourn"]
[EventRounds "9"]
[EventCountry "GER"]
[SourceTitle "CBM 170 Extra"]
[Source "ChessBase"]
[SourceDate "2016.02.25"]
[SourceVersion "1"]
[SourceVersionDate "2016.02.25"]
[SourceQuality "1"]
[WhiteTeam "Nordhorn Blanke"]
[BlackTeam "Bremer SG"]
[WhiteTeamCountry "GER"]
[BlackTeamCountry "GER"]

1. Nf3 g6 2. e4 Bg7 3. d4 d6 4. Nc3 a6 5. a4 Bg4 6. Be2 Nc6 7. Be3 e5 8. dxe5 Bxf3 9. Bxf3 Nxe5 10. Be2 Ne7 11. Qd2 Qd7 12. Bh6 Bxh6 13. Qxh6 Qe6 14. Qe3 f6 15. 0-0 g5 16. f4 gxf4 17. Qxf4 0-0 18. Qh6 c6 19. Rf4 N7g6 20. Rf5 d5 21. Raf1 d4 22. Nd1 Rf7 23. Nf2 Raf8 24. b3 b5 25. axb5 axb5 26. Nh3 Rg7 27. Kh1 Nd7 28. Nf2 Nde5 29. h3 Ne7 30. Rh5 N7g6 31. Rf5 Ne7 32. Rh5 N7g6 33. Rf5 1/2-1/2

[Event "Oberliga Nord W 1314"]
[Site "Germany"]
[Date "2013.11.10"]
[Round "2.5"]
[White "Steingraeber, Kai Uwe"]
[Black "Tchetchelnitski, Mikhail"]
[Result "1-0"]
[WhiteElo "2137"]
[BlackElo "2158"]
[PlyCount "63"]
[EventDate "2013.10.13"]
[EventType "team-tourn"]
[EventRounds "9"]
[EventCountry "GER"]
[SourceTitle "EXT 2015"]
[Source "ChessBase"]
[SourceDate "2014.11.20"]
[SourceVersion "1"]
[SourceVersionDate "2014.11.20"]
[SourceQuality "1"]
[WhiteTeam "Delmenhorst"]
[BlackTeam "Bremer SG"]
[WhiteTeamCountry "GER"]
[BlackTeamCountry "GER"]

1. e4 d6 2. d4 Nf6 3. Nc3 Nbd7 4. Bc4 e5 5. Nf3 Be7 6. Ng5 0-0 7. Bxf7+ Rxf7 8. Ne6 Qe8 9. Nxc7 Qd8 10. Nxa8 exd4 11. Qxd4 Ng4 12. 0-0 b6 13. Nb5 Nde5 14. f3 Bb7 15. Nac7 d5 16. Ne6 Qd7 17. Nbc7 Bc5 18. Nxc5 bxc5 19. Qxc5 dxe4 20. fxg4 Nf3+ 21. gxf3 exf3 22. Qc4 h5 23. Be3 Bc6 24. b4 a6 25. Bb6 hxg4 26. Qe6 Qd2 27. Rf2 Qc3 28. Rd1 Qf6 29. Qxf6 Rxf6 30. Bc5 g3 31. hxg3 Rg6 32. Bd6 1-0

[Event "Oberliga Nord W 1112"]
[Site "Germany"]
[Date "2011.10.23"]
[Round "2.8"]
[White "Vogt, Marc Jonas"]
[Black "Tchetchelnitski, Mikhail"]
[Result "1/2-1/2"]
[WhiteElo "1783"]
[BlackElo "2164"]
[PlyCount "127"]
[EventDate "2011.10.02"]
[EventType "team-tourn"]
[EventRounds "9"]
[EventCountry "GER"]
[SourceTitle "EXT 2013"]
[Source "ChessBase"]
[SourceDate "2012.11.22"]
[SourceVersion "1"]
[SourceVersionDate "2012.11.22"]
[SourceQuality "1"]
[WhiteTeam "Stade"]
[BlackTeam "Bremer SG"]
[WhiteTeamCountry "GER"]
[BlackTeamCountry "GER"]

1. e4 d6 2. d4 Nf6 3. Nc3 Nbd7 4. Bc4 e5 5. Nf3 Be7 6. dxe5 Nxe5 7. Nxe5 dxe5 8. 0-0 c6 9. Qxd8+ Bxd8 10. a4 Ba5 11. f3 Bb6+ 12. Kh1 a5 13. Ne2 Ke7 14. b3 Nd7 15. Bb2 f6 16. Ng3 g6 17. Rad1 Bc5 18. Bd3 Bd6 19. Ne2 Nc5 20. Bc4 Be6 21. Bxe6 Nxe6 22. Rd3 Rhd8 23. Rfd1 Bc5 24. g3 Rxd3 25. Rxd3 Ng5 26. Kg2 Nf7 27. f4 exf4 28. gxf4 f5 29. exf5 gxf5 30. Nd4 Nd6 31. Rh3 Rg8+ 32. Kf3 Bxd4 33. Bxd4 b5 34. Rxh7+ Ke6 35. axb5 cxb5 36. Ra7 Rc8 37. c3 Ne4 38. Rxa5 Nxc3 39. h4 Nd5 40. Rxb5 Rc1 41. Be5 Rh1 42. Rb8 Rh3+ 43. Kg2 Rxh4 44. Kg3 Rg4+ 45. Kf3 Rg1 46. Rd8 Ne7 47. Rd6+ Kf7 48. b4 Rb1 49. Rf6+ Ke8 50. Bd6 Rb3+ 51. Ke2 Kd7 52. Bc5 Nc6 53. Rxf5 Nxb4 54. Rf7+ Kc6 55. Bxb4 Rxb4 56. Kf3 Kd6 57. Ra7 Ke6 58. Kg4 Kf6 59. Ra6+ Kf7 60. Kg5 Rb1 61. Ra7+ Kf8 62. f5 Rb6 63. f6 Rb1 64. Kg6 1/2-1/2

[Event "Bremen-ch op"]
[Site "Bremen"]
[Date "2010.04.02"]
[Round "8"]
[White "Tchetchelnitski, Mikhail"]
[Black "Mueller, Wolfgang3"]
[Result "1/2-1/2"]
[WhiteElo "2184"]
[BlackElo "1961"]
[PlyCount "159"]
[EventDate "2010.03.27"]
[EventType "swiss"]
[EventRounds "9"]
[EventCountry "GER"]
[SourceTitle "EXT 2022"]
[Source "ChessBase"]
[SourceDate "2021.10.06"]
[SourceVersion "1"]
[SourceVersionDate "2021.10.06"]
[SourceQuality "1"]

1. e4 e6 2. d4 d5 3. e5 c5 4. c3 Nc6 5. Nf3 Qb6 6. a3 c4 7. Be2 Bd7 8. 0-0 Na5 9. Nbd2 Ne7 10. Kh1 f6 11. Rb1 0-0-0 12. b3 cxb3 13. c4 dxc4 14. Nxc4 Nxc4 15. Bxc4 Nd5 16. Bd2 Bc6 17. Bxb3 Qc7 18. Qe2 Qd7 19. a4 Kb8 20. Ra1 f5 21. Rfc1 Be7 22. Bc4 Rc8 23. Bb5 Bxb5 24. axb5 Rxc1+ 25. Rxc1 Rc8 26. Ra1 Rc2 27. Qd1 Rc4 28. Qb3 Nb6 29. h4 Qd5 30. Kh2 Bxh4 31. Qa3 Bxf2 32. Bb4 Bxd4 33. Bd6+ Kc8 34. Rb1 Bc5 35. Bxc5 Qxc5 36. Qxa7 Kc7 37. Qa2 Qd5 38. Qf2 h6 39. Rb2 g5 40. Qe3 Qc5 41. Qd3 g4 42. Rd2 Qe7 43. Nd4 Qh4+ 44. Kg1 Rc1+ 45. Rd1 Rxd1+ 46. Qxd1 Qe7 47. Qc1+ Kd7 48. Qxh6 Nc4 49. Kh1 Nxe5 50. Qh8 Nd3 51. g3 Nf2+ 52. Kg2 Ne4 53. Qb8 Nd6 54. b6 Qd8 55. Qxd8+ Kxd8 56. Nxe6+ Ke7 57. Nc5 Kf6 58. Kf1 Ke5 59. Ke2 Kd5 60. Nd3 Kc6 61. Ke3 Kxb6 62. Kf4 Kc6 63. Ke5 Kd7 64. Nc5+ Kc6 65. Nd3 b6 66. Nf4 b5 67. Nd3 Ne4 68. Kxf5 Nxg3+ 69. Kxg4 Ne4 70. Kf4 Kd5 71. Ke3 Nc5 72. Nb4+ Kc4 73. Nc6 Kc3 74. Kf4 Nb3 75. Ke5 Kc4 76. Ke4 Nc5+ 77. Ke3 Kc3 78. Kf4 Nd3+ 79. Ke4 Nb4 80. Na7 1/2-1/2

[Event "Dortmund op"]
[Site "Dortmund"]
[Date "2009.07.12"]
[Round "9"]
[White "Michalczak, Thomas"]
[Black "Tchetchelnitski, Mikhail"]
[Result "1-0"]
[WhiteElo "2352"]
[BlackElo "2152"]
[PlyCount "103"]
[EventDate "2009.07.04"]
[EventType "swiss"]
[EventRounds "9"]
[EventCountry "GER"]
[SourceTitle "CBM 131 Extra"]
[Source "ChessBase"]
[SourceDate "2009.09.03"]
[SourceVersion "2"]
[SourceVersionDate "2009.09.16"]
[SourceQuality "1"]

1. e4 e6 2. d4 d5 3. Nc3 Bb4 4. e5 c5 5. a3 Bxc3+ 6. bxc3 Ne7 7. Qg4 Qc7 8. Qxg7 Rg8 9. Qxh7 cxd4 10. Ne2 Nbc6 11. f4 dxc3 12. Qd3 d4 13. Nxd4 Nxd4 14. Qxd4 Bd7 15. Be3 Nf5 16. Qc5 0-0-0 17. Qxc7+ Kxc7 18. Bf2 Bc6 19. Rg1 Nd4 20. 0-0-0 Nxc2 21. Rxd8 Rxd8 22. Kxc2 Rd2+ 23. Kxc3 Rxf2 24. h4 Rxf4 25. Rh1 Rg4 26. h5 Rg8 27. Bd3 Rh8 28. h6 Kd8 29. h7 Ke7 30. Rh3 Kf8 31. Rg3 b6 32. Kd4 Bd5 33. Ke3 Bb3 34. Ke2 Bd5 35. Kd2 Bb3 36. Rg4 Bd5 37. Kc3 Bc6 38. Rg5 Bd5 39. Kd4 Bc6 40. Ke3 Ba4 41. Ke2 Bb3 42. Rg4 Bd5 43. Bc2 Bc6 44. Ke3 Bd5 45. Kf4 a5 46. Kg5 f5 47. exf6 e5 48. Bg6 e4 49. Kh6 e3 50. Rd4 e2 51. Rxd5 Rxh7+ 52. Kxh7 1-0

[Event "Dortmund op"]
[Site "Dortmund"]
[Date "2009.07.06"]
[Round "3"]
[White "Tchetchelnitski, Mikhail"]
[Black "Chilla, Jan Eric"]
[Result "1-0"]
[WhiteElo "2152"]
[BlackElo "2024"]
[PlyCount "115"]
[EventDate "2009.07.04"]
[EventType "swiss"]
[EventRounds "9"]
[EventCountry "GER"]
[SourceTitle "CBM 131 Extra"]
[Source "ChessBase"]
[SourceDate "2009.09.03"]
[SourceVersion "2"]
[SourceVersionDate "2009.09.16"]
[SourceQuality "1"]

1. e4 c5 2. Nf3 d6 3. d4 cxd4 4. Nxd4 Nf6 5. Nc3 a6 6. h3 e6 7. g4 Nc6 8. Bg2 Qc7 9. Be3 Be7 10. g5 Nd7 11. f4 Nb6 12. Qe2 Nxd4 13. Bxd4 e5 14. Bxb6 Qxb6 15. 0-0-0 Be6 16. Kb1 Rc8 17. Nd5 Bxd5 18. exd5 0-0 19. h4 f5 20. fxe5 dxe5 21. Qxe5 Bd6 22. Qe6+ Kh8 23. Rhe1 Qc5 24. Re2 Qb5 25. a4 Qc5 26. Bf3 b5 27. a5 b4 28. h5 Rc7 29. h6 g6 30. Qe3 Qxe3 31. Rxe3 Bf4 32. d6 Rcc8 33. Re7 Bxg5 34. Ra7 Be3 35. Rxa6 g5 36. d7 Rcd8 37. Re6 Ba7 38. Ka2 g4 39. Be2 Rg8 40. Kb3 g3 41. Bf3 g2 42. Bxg2 Rxg2 43. Re8+ Rg8 44. Rxd8 Rxd8 45. Kxb4 Kg8 46. Kb5 Kf7 47. Kc6 f4 48. b4 Ke6 49. b5 f3 50. b6 f2 51. bxa7 Rxd7 52. Rf1 Rxa7 53. Kb6 Rf7 54. a6 Kd5 55. a7 Rf6+ 56. Kb5 Rf8 57. Rxf2 Re8 58. Rd2+ 1-0

[Event "Oberliga Nord W 0809"]
[Site "Germany"]
[Date "2009.03.29"]
[Round "9.8"]
[White "Tchetchelnitski, Mikhail"]
[Black "Ohse, Andreas"]
[Result "1/2-1/2"]
[WhiteElo "2181"]
[BlackElo "2114"]
[PlyCount "50"]
[EventDate "2008.10.05"]
[EventType "tourn"]
[EventRounds "9"]
[EventCountry "GER"]
[SourceTitle "EXT 2010"]
[Source "ChessBase"]
[SourceDate "2010.11.25"]
[SourceVersion "1"]
[SourceVersionDate "2010.11.25"]
[SourceQuality "1"]
[WhiteTeam "Bremer SG"]
[BlackTeam "Delmenhorst"]
[WhiteTeamCountry "GER"]
[BlackTeamCountry "GER"]

1. e4 c5 2. Nf3 g6 3. g3 Bg7 4. Bg2 Nf6 5. Nc3 d5 6. exd5 Nxd5 7. 0-0 Nc6 8. Ng5 Nxc3 9. bxc3 0-0 10. Qe2 Bf5 11. Ne4 b6 12. Bb2 Qd7 13. Rfd1 Rac8 14. Rac1 Qe6 15. a3 Rfd8 16. d3 h6 17. Qf1 c4 18. Re1 cxd3 19. cxd3 Qb3 20. Ba1 Qxa3 21. d4 Na5 22. Rb1 Nc4 23. Qe2 Bxe4 24. Bxe4 a6 25. Bd3 b5 1/2-1/2

[Event "Nord West Cup 3rd"]
[Site "Oldenburg"]
[Date "2001.02.01"]
[Round "1"]
[White "Lammers, Philipp"]
[Black "Tchetchelnitski, Mikhail"]
[Result "0-1"]
[WhiteElo "1053"]
[BlackElo "2139"]
[PlyCount "64"]
[EventDate "2001.02.01"]
[EventType "swiss"]
[EventRounds "7"]
[EventCountry "GER"]
[SourceTitle "EXT 2010"]
[Source "ChessBase"]
[SourceDate "2010.11.25"]
[SourceVersion "1"]
[SourceVersionDate "2010.11.25"]
[SourceQuality "1"]

1. d4 e6 2. c4 f5 3. g3 Nf6 4. Bg2 c6 5. Nc3 d5 6. cxd5 exd5 7. Bg5 Be7 8. Bxf6 Bxf6 9. h4 0-0 10. Nh3 Qb6 11. e3 Qxb2 12. Ne2 Qb4+ 13. Qd2 Qd6 14. Nhf4 Nd7 15. a4 Bd8 16. a5 Nf6 17. f3 Re8 18. Kf2 Bc7 19. Nc3 Bd7 20. Rhb1 Rab8 21. Bf1 g6 22. Bd3 Kg7 23. Nce2 h6 24. Nh3 b6 25. a6 c5 26. Bb5 Rbd8 27. Ra4 Re7 28. Nhf4 Rde8 29. Bxd7 Qxd7 30. Ra3 c4 31. Rd1 b5 32. Qb4 Bd6 0-1

[Event "Nord West Cup"]
[Site "Oldenburg"]
[Date "2000.02.12"]
[Round "5"]
[White "Tchetchelnitski, Mikhail"]
[Black "Buchenau, Frank"]
[Result "1-0"]
[WhiteElo "2136"]
[BlackElo "2220"]
[PlyCount "67"]
[EventDate "2000.??.??"]
[EventType "swiss"]
[EventRounds "7"]
[EventCountry "GER"]
[SourceTitle "EXT 2002"]
[Source "ChessBase"]
[SourceDate "2001.11.25"]
[SourceVersion "1"]
[SourceVersionDate "2001.11.25"]
[SourceQuality "1"]

1. d4 e6 2. Nf3 Nf6 3. Bg5 c5 4. c3 b6 5. e4 h6 6. Bxf6 Qxf6 7. e5 Qg6 8. Bd3 Qxg2 9. Rg1 Qh3 10. Be4 Nc6 11. d5 exd5 12. Bxd5 Bb7 13. Nbd2 Qf5 14. Qe2 0-0-0 15. 0-0-0 d6 16. Nc4 Re8 17. Qd2 Nxe5 18. Bxb7+ Kxb7 19. Nfxe5 dxe5 20. Qd7+ Qxd7 21. Rxd7+ Kc6 22. Rxf7 g5 23. Rxa7 b5 24. Ne3 Bd6 25. Ra6+ Kc7 26. Nd5+ Kd7 27. Nf6+ Ke6 28. Nxe8 Rxe8 29. Rd1 Rd8 30. f3 h5 31. h3 Rd7 32. Kd2 Rd8 33. Ke3 c4 34. Ke4 1-0

[Event "Nord West Cup"]
[Site "Oldenburg"]
[Date "2000.02.11"]
[Round "2"]
[White "Campe, Uwe"]
[Black "Tchetchelnitski, Mikhail"]
[Result "0-1"]
[WhiteElo "1684"]
[BlackElo "2136"]
[PlyCount "108"]
[EventDate "2000.??.??"]
[EventType "swiss"]
[EventRounds "7"]
[EventCountry "GER"]
[SourceTitle "EXT 2002"]
[Source "ChessBase"]
[SourceDate "2001.11.25"]
[SourceVersion "1"]
[SourceVersionDate "2001.11.25"]
[SourceQuality "1"]

1. d4 e6 2. c4 f5 3. g3 Nf6 4. Bg2 c6 5. Nf3 d5 6. 0-0 Bd6 7. b3 Qe7 8. Bb2 0-0 9. Nbd2 Bd7 10. Qc1 Be8 11. Ne5 Bh5 12. Ndf3 Nbd7 13. Qg5 h6 14. Qe3 Ne4 15. Nxd7 Qxd7 16. Ne5 Qe7 17. f4 Kh7 18. Bf3 Be8 19. Rac1 Rd8 20. Rc2 Bxe5 21. dxe5 d4 22. Bxd4 c5 23. Bc3 Bc6 24. Rb1 Rd7 25. b4 b6 26. bxc5 bxc5 27. Rcc1 Rc8 28. Ba5 Rd4 29. Rb3 Rd7 30. Rd3 Rb7 31. Rb3 Rd7 32. Rd3 Rb8 33. Rcd1 Rdb7 34. Rb3 Rxb3 35. axb3 Qb7 36. Rd3 Rc8 37. Rd8 Rxd8 38. Bxd8 Qa6 39. Be7 Qa1+ 40. Kg2 Qd1 41. Bxc5 g5 42. Bb4 g4 43. Qxa7+ Kg6 44. Bxe4 Qxe2+ 45. Kg1 Qxe4 46. Kf1 Qb1+ 47. Kf2 Qc2+ 48. Kf1 Qxb3 49. Qe7 Qxc4+ 50. Ke1 Qc1+ 51. Ke2 Bb5+ 52. Kf2 Qf1+ 53. Ke3 Qd3+ 54. Kf2 Qe2+ 0-1

[Event "Nord West Cup"]
[Site "Oldenburg"]
[Date "2000.02.10"]
[Round "1"]
[White "Tchetchelnitski, Mikhail"]
[Black "Meyner, Hannes"]
[Result "1/2-1/2"]
[WhiteElo "2136"]
[BlackElo "1969"]
[PlyCount "40"]
[EventDate "2000.??.??"]
[EventType "swiss"]
[EventRounds "7"]
[EventCountry "GER"]
[SourceTitle "EXT 2002"]
[Source "ChessBase"]
[SourceDate "2001.11.25"]
[SourceVersion "1"]
[SourceVersionDate "2001.11.25"]
[SourceQuality "1"]

1. d4 d5 2. Nf3 Nf6 3. g3 c6 4. Bg2 Bf5 5. 0-0 e6 6. c4 Be7 7. Nc3 h6 8. Qb3 Qb6 9. c5 Qxb3 10. axb3 Na6 11. Bd2 0-0 12. Rfc1 Nd7 13. Na4 Bf6 14. e3 Nc7 15. b4 Rfe8 16. Nc3 a6 17. Ne2 Nb5 18. Nc3 Nc7 19. Ne2 Nb5 20. Nc3 Nc7 1/2-1/2